000 00469cam a2200181ua 4500
003 OSt
008 250528b |||||||| |||| 00| 0 eng d
020 _a0-06-350599-1
041 _aeng
082 _a624.17
_bPYT/ST
100 _aPytel, Andrew .
_97504
245 _aStrength of materials /
250 _a4 /
260 _a :
_bINDUS Harper collins publishers India pvt Ltd ,
_c1987.
300 _a594 ; .
700 1 _aSinger, Ferdinand.L .
_97508
942 _cBK
999 _c1915
_d1915